State By Roadside Attraction Quiz Stats

 Plays Quiz not verified by Sporcle

Score 0/50 Timer 10:00
0 Plays Today
Attraction State % Correct
Ben & Jerry's Flavor GraveyardVermont
83.1%
Geographic Center of the 48 StatesKansas
67.7%
Big Tree Drive-ThruCalifornia
61.4%
Birthplace of ElvisMississippi
59.8%
Amos, the Fiberglass Amish ManPennsylvania
58.7%
Witch History MuseumMassachusetts
58.2%
London Bridge Arizona
58.2%
Custer's Last StandMontana
57.7%
Golden Spike National Historical SiteUtah
56.1%
Voodoo MuseumLouisiana
54%
Corn PalaceSouth Dakota
51.9%
Buddy Holly Crash SiteIowa
48.1%
Grave of Stonewall Jackson's ArmVirginia
41.8%
World's Largest TireMichigan
41.8%
Liberace MuseumNevada
41.3%
Ralph Kramden StatueNew York
39.7%
Evel Knievel's Jump Site MonumentIdaho
39.7%
Blue Hen StatueDelaware
38.1%
Nuclear Bunker for CongressWest Virginia
37.6%
World's Largest Six-PackWisconsin
37%
Theatre of the SeaFlorida
36.5%
Washington Statue Left Damaged to Show Yankee EvilSouth Carolina
35.4%
The Spruce Goose wooden airplaneOregon
35.4%
Uncle Remus MuseumGeorgia
34.4%
Mule Ride to a Leper ColonyHawaii
33.9%
Attraction State % Correct
World's Largest Incandescent Light BulbNew Jersey
33.9%
Creation~ism~ MuseumKentucky
32.8%
Superman Statue and Super MuseumIllinois
30.2%
World's Largest Covered WagonNebraska
29.1%
World's Largest Twine BallMinnesota
29.1%
Last Train to NowhereAlaska
28.6%
Cow Chip Throwing Capital of the WorldOklahoma
25.4%
Fossil Cabin- Made of Dinosaur BonesWyoming
24.9%
Ronald Reagan Peace Through Strength Missle Silo Historical SiteNorth Dakota
23.8%
56-foot statue of Vulcan the Iron ManAlabama
23.8%
RV Hall of FameIndiana
23.3%
Conspiracy MuseumTexas
23.3%
Knights of Columbus MuseumConnecticut
22.8%
Science Fiction Museum and Hall of FameWashington
22.8%
Alferd Packer Massacre SiteColorado
22.2%
One and Only Presidential MuseumOhio
21.7%
Great Passion Play Theme ParkArkansas
20.6%
National Great Blacks in Wax MuseumMaryland
20.1%
Giant Fiddle and BanjoMissouri
19.6%
Space Murals MuseumNew Mexico
18%
Scottish Tartan MuseumNorth Carolina
18%
Yankee Seige TrebuchetNew Hampshire
18%
Three-Story OuthouseMaine
16.4%
International Towing and Recovery MuseumTennessee
14.3%
Rust-o-Rama Corrosion Test SiteRhode Island
13.8%

You're not logged in!

Compare scores with friends on all Sporcle quizzes.
OR
Log In

Show Comments

Extras

Top Quizzes Today


Score Distribution

Your Account Isn't Verified!

In order to create a playlist on Sporcle, you need to verify the email address you used during registration. Go to your Sporcle Settings to finish the process.

Report this User

Report this user for behavior that violates our Community Guidelines.

Details: